WayScience International Electronic Scientific and Practical Journal

Gespeichert in:
Bibliographische Detailangaben
Format: Schriftenreihe
Sprache:Englisch
Ukrainisch
Veröffentlicht: Dnipro Public Administration, Valerii Marenichenko
Tags: Tag hinzufügen
Keine Tags, Fügen Sie das erste Tag hinzu!

MARC

LEADER 00000nls a2200000 4500
001 0281519
005 20260205090116.5
022 |a 2664-4819 
041 0 |a eng 
041 0 |a ukr 
044 |a UA 
245 1 0 |a WayScience  |b International Electronic Scientific and Practical Journal 
264 1 |a Dnipro  |b Public Administration, Valerii Marenichenko